00495nam a2200157 i 4500001000300000100001900003245007200022260001900094040000800113041000800121942000700129008004100136999001500177856009700192952004800289bg1 aVARTANOV, N.A. 0aPrikladnaja scintilljacionnaja gamaspektrometrija /cN.A. Vartanov. aMoskva,c1969. cBPK apol cKS s pl f |000 0 pol  c8719d8719 uhttp://koha.tu.koszalin.pl/cgi-bin/koha/opac-detail.pl?biblionumber=8719yKatalog online BPK 00104070aBPKbBPKcwo8212p01770858yKS